000 00701nam a22002175i 4500
001 169053
003 ES-MaACL
005 20230906213957.0
008 080805s2006 sp |||| | spa d
020 _a978-84-8103-478-3
080 _a929 Pérez Galdos, Benito
245 0 0 _aBenito Pérez Galdós
_b: cronología, (1843 -1920).
250 _a1ª ed.
260 _aLas Palmas de Gran Canaria :
_bCasa Museo Pérez Galdós,
_c2006.
300 _a62 p. ;
_c21 cm.
504 _aBibliografía.
600 1 7 _aPérez Galdós, Benito,
_d1843-1920-
_xCronología
_2
_9138142
710 2 _aCasa Museo Pérez Galdós.
_9137835
852 4 _aES-MaACL
_jL-29535
_9R.143070
999 _c169053
_d169053